Представление документа в формате RUSMARC

Поле Инд. ПП Название Значение
Тип записи a
Библиографический уровень m
001 Контрольный номер RU\infra-m\znanium\bibl\2038246
003 Постоянный идентификатор записи https://znanium.com/catalog/document?id=434859
005 Дата корректировки 20250401092516.7
010 a ISBN 978-5-16-018656-6
100 a Данные общей обработки 20231120d2023 m y0rusy0150 ca
101 0_ a Язык текста rus
102 a Страна публикации RU
200 1_ a Заглавие История России
e Сведения, относящиеся к заглавию учебник
f Первые сведения об ответственности Б.Н. Земцов, А.В. Шубин, И.Н. Данилевский
b Общее обозначение материала Электронный ресурс
205 a Основные сведения об издании 2-е изд, перераб. и доп.
210 1_ a Место издания Москва
c Издательство ИНФРА-М
d Дата издания 2025
215 a Объем 584 с.+ Доп. материалы
225 1_ a Серия Высшее образование
333 a Примечание о целевом назначении Профессиональное образование
606 a Основная рубрика История России
2 Код системы local
608 a Жанр/форма Учебник
2 Код системы local
675 a Индекс УДК 94(470)(075.8)
z Язык издания rus
700 _1 a Фамилия Земцов
b Имя Б.Н.
g Полное личное имя Борис Николаевич
701 _1 a Фамилия Шубин
b Имя А.В.
g Полное личное имя Александр Владленович
701 _1 a Фамилия Данилевский
b Имя И.Н.
g Полное личное имя Игорь Николаевич
712 02 a Организация/ юрисдикция Российский государственный гуманитарный университет РГГУ
712 02 a Организация/ юрисдикция Российский экономический университет им. Г.В. Плеханова
801 _0 a Страна RU
b Организация Общество с ограниченной ответственностью «ЗНАНИУМ»
c Дата составления 20230406
2 Код формата rusmarc
856 4_ a Внешний URL ресурс ЭБС Znanium. Доступ по логину и паролю
m Координаты для получения помощи по доступу ebs_support@infra-m.ru
n Название местонахождения сервера НИЦ ИНФРА-М
u URL https://znanium.ru/catalog/product/2185074
856 41 a Внешний URL ресурс znanium.com
d Путь (Path) /cover/2038
f Электронное имя 2038246.jpg
q Тип электронного формата image/jpeg
905 a Дата ввода 20250401